[Event "3rd Al Ain Chess Rapid"]
[Site "Al-Ain UAE"]
[Date "2014.12.18"]
[Round "7.19"]
[White "Safarov, Zirva"]
[Black "Bahari Rad, Alireza"]
[Result "1-0"]
[WhiteElo "2104"]
[BlackElo "2129"]
[WhiteFideId "13413040"]
[BlackFideId "12513180"]
[EventDate "2014.12.18"]

1. e4 c6 2. d4 d5 3. Nd2 dxe4 4. Nxe4 Bf5 5. Ng3 Bg6 6. Nf3 Nd7 7. Bc4 e6 8. O-O
Ngf6 9. Re1 Bd6 10. c3 O-O 11. Qe2 Re8 12. Bg5 Qc7 13. Rad1 Rad8 14. a3 Bf4 15.
b4 Bxg5 16. Nxg5 Nd5 17. Qf3 N7f6 18. Re5 b5 19. Bb3 Rf8 20. h4 h6 21. Nh3 Nd7
22. Re2 N7b6 23. Rde1 a6 24. Re5 Nd7 25. R5e2 N7b6 26. Rc1 Nf6 27. Nf4 Bh7 28.
Nfh5 Nxh5 29. Nxh5 Bg6 30. Rce1 Nd5 31. Ng3 Nf6 32. Re5 Nd7 33. R5e3 Nf6 34. a4
Qd6 35. a5 Nd5 36. Re5 Rc8 37. Nf1 Nf6 38. g4 Nd5 39. h5 Bh7 40. g5 hxg5 41.
Rxg5 Qd8 42. Rg2 Kh8 43. Re5 Qf6 44. Rg3 Qxf3 45. Rxf3 Rcd8 46. Nh2 Bf5 47. Kf1
g6 48. hxg6 fxg6 49. Ke1 Kg7 50. Kd2 Rh8 51. Nf1 Rh1 52. Ng3 Rb1 53. Nxf5+ gxf5
54. Kc2 1-0

[Event "3rd Al Ain Chess Rapid"]
[Site "Al-Ain UAE"]
[Date "2014.12.18"]
[Round "7.20"]
[White "Ahadzade, Kanan"]
[Black "Firouzja, Alireza"]
[Result "0-1"]
[WhiteElo "1909"]
[BlackElo "2332"]
[WhiteFideId "13405640"]
[BlackFideId "12573981"]
[EventDate "2014.12.18"]

1. e4 g6 2. d4 Bg7 3. Nc3 d6 4. f4 c6 5. Nf3 Nf6 6. Bd3 O-O 7. O-O Bg4 8. h3
Bxf3 9. Qxf3 Na6 10. Be3 Nb4 11. a3 Nxd3 12. cxd3 Nd7 13. Ne2 Qc7 14. Rac1 Rac8
15. f5 Qd8 16. g4 c5 17. Kh1 cxd4 18. Bxd4 Bxd4 19. Nxd4 Rxc1 20. Rxc1 Qb6 21.
Ne2 Ne5 22. Qg3 Qxb2 23. Qe3 Qxa3 24. Rc7 Qxd3 25. Qxd3 Nxd3 26. Rxb7 a5 27.
Rxe7 Ra8 28. Nc3 a4 29. f6 a3 30. Na2 h5 31. Kg2 hxg4 32. hxg4 Rb8 33. Kf3 Ne5+
34. Kf4 Rb2 35. Nc3 Rf2+ 36. Kg5 Rg2 37. Ra7 Rxg4+ 38. Kh6 Rh4+ 39. Kg5 Nf3# 0-1

[Event "3rd Al Ain Chess Rapid"]
[Site "Al-Ain UAE"]
[Date "2014.12.18"]
[Round "7.23"]
[White "Huseynov, Shahin"]
[Black "Omar, Noaman"]
[Result "0-1"]
[BlackTitle "IM"]
[WhiteElo "2162"]
[BlackElo "2346"]
[WhiteFideId "13401106"]
[BlackFideId "9300244"]
[EventDate "2014.12.18"]

1. c4 e6 2. Nc3 d5 3. d4 Be7 4. Nf3 Nf6 5. cxd5 exd5 6. Bg5 c6 7. e3 Bf5 8. Bd3
Bxd3 9. Qxd3 Nbd7 10. O-O O-O 11. Rab1 a5 12. a3 Ne4 13. Bxe7 Qxe7 14. Nd2 f5
15. b4 axb4 16. axb4 Ra3 17. Ndxe4 fxe4 18. Qc2 b5 19. Ne2 Rc8 20. Qb2 Ra4 21.
Nc3 Raa8 22. f3 exf3 23. Rxf3 Rf8 24. Rbf1 Rxf3 25. Rxf3 Rf8 26. Kf2 Nb6 27. Ne2
Rxf3+ 28. gxf3 Qh4+ 29. Kg2 Qe1 30. Qa2 h6 31. Ng3 Qxe3 32. Qc2 Qe6 33. Nf5 Nc4
34. Kf2 Qf6 35. h4 Nd6 36. Nxd6 Qxd6 37. Qf5 Qh2+ 38. Kf1 Qxh4 39. Qc8+ Kf7 40.
Qd7+ Kf8 41. Qc8+ Kf7 42. Qd7+ Kg8 43. Qc8+ Kf7 44. Qd7+ Qe7 45. Qxc6 Qxb4 46.
Qxd5+ Kf8 47. Qf5+ Ke8 48. Qe5+ Kf7 49. Qf5+ Kg8 50. Qe6+ Kf8 51. d5 Qe7 52. Qc6
b4 53. d6 Qd8 54. Qc5 b3 55. Qf5+ Kg8 56. Qe6+ Kf8 57. Qf5+ Kg8 58. Qe6+ Kf8 59.
Qf5+ Qf6 60. Qc8+ Kf7 61. Qb7+ Kg6 62. d7 b2 63. Qe4+ Kf7 64. Kg2 Qg6+ 65. Qxg6+
Kxg6 66. d8=Q b1=Q 67. Qd6+ Kh7 68. Qf4 Qg6+ 69. Kf2 Qb6+ 70. Kg2 Qf6 71. Qe4+
Qg6+ 0-1

[Event "3rd Al Ain Chess Rapid"]
[Site "Al-Ain UAE"]
[Date "2014.12.18"]
[Round "7.24"]
[White "Suhail, Sokari"]
[Black "Abdumalik, Zhansaya"]
[Result "0-1"]
[BlackTitle "WGM"]
[WhiteElo "1912"]
[BlackElo "2332"]
[WhiteFideId "7604530"]
[BlackFideId "13703544"]
[EventDate "2014.12.18"]

1. d4 Nf6 2. c4 g6 3. Nc3 d5 4. cxd5 Nxd5 5. e4 Nxc3 6. bxc3 Bg7 7. Bc4 c5 8.
Ne2 O-O 9. O-O Nc6 10. Be3 b6 11. dxc5 Qc7 12. cxb6 axb6 13. Rc1 Ne5 14. Bd5 Ra3
15. Qc2 e6 16. Bb3 Ba6 17. Rfd1 Ng4 18. Bf4 Be5 19. Bxe5 Qxe5 20. Ng3 h5 21. h3
h4 22. hxg4 hxg3 23. c4 gxf2+ 24. Qxf2 Qxe4 25. Rd4 Qc6 26. Rcd1 Bb7 27. Rd6 Qe4
28. Rxb6 Ba8 29. Rd7 Qxg4 30. Rbd6 Ra5 31. Rd4 Qg5 32. Qd2 Qf6 33. Rd8 Rg5 34.
Rxf8+ Kxf8 35. Rd8+ Kg7 36. Rxa8 Rf5 37. Qd8 Rf1+ 38. Kh2 Qf4+ 39. g3 Qf2+ 40.
Kh3 Rh1+ 41. Kg4 Qf5# 0-1

[Event "3rd Al Ain Chess Rapid"]
[Site "Al-Ain UAE"]
[Date "2014.12.18"]
[Round "7.25"]
[White "Ahmad, Alzarovni"]
[Black "Mayed AlRashedi"]
[Result "0-1"]
[BlackTitle "FM"]
[WhiteElo "1721"]
[BlackElo "1908"]
[WhiteFideId "9302301"]
[BlackFideId "9303871"]
[EventDate "2014.12.18"]

1. d4 Nf6 2. c4 e6 3. Nc3 Bb4 4. Qc2 O-O 5. a3 Bxc3+ 6. Qxc3 Ne4 7. Qc2 f5 8.
Nf3 b6 9. e3 Bb7 10. Be2 c5 11. O-O d6 12. Rd1 Nd7 13. b3 Rf6 14. Bb2 Rh6 15.
dxc5 Ndxc5 16. b4 Nd7 17. Rac1 g5 18. c5 bxc5 19. bxc5 Ndxc5 20. g3 g4 21. Nh4
Rxh4 22. gxh4 Qxh4 23. Bf1 Ng5 24. Bg2 Bxg2 25. Kxg2 Qh3+ 0-1

[Event "3rd Al Ain Chess Rapid"]
[Site "Al-Ain UAE"]
[Date "2014.12.18"]
[Round "7.28"]
[White "Sidharth Balaji Sridharan"]
[Black "Alnyeyadi, Abdulla"]
[Result "0-1"]
[WhiteElo "1114"]
[BlackElo "1423"]
[WhiteFideId "45002789"]
[BlackFideId "9308393"]
[EventDate "2014.12.18"]

1. e4 c5 2. Nc3 Nc6 3. f4 d6 4. Nf3 g6 5. Bb5 Bg7 6. O-O Bd7 7. d3 e6 8. Qe1 a6
9. Bc4 b5 10. Bb3 Na5 11. Be3 Nxb3 12. axb3 b4 13. Na2 Bxb2 14. Rb1 Bg7 15. Qf2
Ne7 16. Qh4 Nc6 17. Qg3 O-O 18. Ng5 h6 19. Nf3 Ne7 20. Qh3 e5 21. f5 gxf5 22.
Bxh6 fxe4 23. Qg3 Ng6 24. Bxg7 Kxg7 25. dxe4 Rh8 26. Ng5 Rh4 27. Rxf7+ Kh8 28.
Rbf1 Rg4 29. Rf8+ Qxf8 30. Rxf8+ Rxf8 31. Qh3+ Nh4 32. g3 Rgf4 33. Ne6 Bxe6 34.
Qxh4+ Rxh4 35. gxh4 Bh3 0-1

[Event "3rd Al Ain Chess Rapid"]
[Site "Al-Ain UAE"]
[Date "2014.12.18"]
[Round "7.29"]
[White "Al Shamisi, Hareb Nasser"]
[Black "Harikrishnan, Samyuktha"]
[Result "1-0"]
[WhiteElo "1389"]
[BlackElo "1452"]
[WhiteFideId "9308067"]
[BlackFideId "25076140"]
[EventDate "2014.12.18"]

1. e4 e5 2. Nf3 Nc6 3. Bb5 a6 4. Ba4 Nf6 5. d4 exd4 6. O-O Be7 7. e5 Nd5 8. Bb3
Nb6 9. Nxd4 Nxe5 10. Qh5 Ng6 11. f4 O-O 12. f5 Ne5 13. Nf3 d6 14. Nxe5 dxe5 15.
Nc3 Bc5+ 16. Kh1 Bd7 17. Ne4 Bd6 18. f6 Bb5 19. Qg5 g6 20. Qh6 Qxf6 21. Nxf6+
Kh8 22. Qxh7# 1-0

[Event "3rd Al Ain Chess Rapid"]
[Site "Al-Ain UAE"]
[Date "2014.12.18"]
[Round "7.30"]
[White "Shah Shilpa"]
[Black "Ahmed Mohamed Qayed"]
[Result "1-0"]
[WhiteElo "1240"]
[BlackElo "1551"]
[WhiteFideId "25069691"]
[BlackFideId "9314261"]
[EventDate "2014.12.18"]

1. e4 e5 2. Nf3 Nc6 3. Bc4 Nf6 4. Ng5 d5 5. exd5 Na5 6. Bb5+ c6 7. dxc6 bxc6 8.
Be2 h6 9. Nf3 e4 10. Ne5 Bc5 11. a3 Bd6 12. f4 exf3 13. Nxf3 O-O 14. O-O Ne4 15.
d3 Bc5+ 16. d4 Bd6 17. Bd3 Re8 18. Bxe4 Rxe4 19. Nc3 Re8 20. Bd2 Nc4 21. b3 Nxd2
22. Qxd2 Ba6 23. Rfe1 Qc7 24. Ne4 Bf4 25. Qc3 Re7 26. d5 Rc8 27. dxc6 Qxc6 28.
Qxc6 Rxc6 29. Nf6+ gxf6 30. Rxe7 Rxc2 31. Rxa7 Be2 32. b4 h5 33. b5 Bxb5 34. Ra5
Be2 35. Rxh5 Kg7 36. Rf5 Bc7 37. a4 Bb6+ 38. Kh1 Kg6 39. Rd5 Be3 40. a5 Bc4 41.
Rd7 Be6 42. Re7 Bc5 43. Rc7 Bf5 44. a6 Bd6 45. Rxc2 Bxc2 46. a7 Be4 47. Nd4 Ba8
48. Nb5 Be5 49. Rd1 Bc6 50. Na3 Bb2 51. Rd6 Ba8 52. Rd8 Bb7 53. a8=Q Bxa8 54.
Rxa8 f5 1-0